Statistics for Multiple Choice: Ex-Yugoslavia Countries

Click here to take the quiz!

General Stats

  • This quiz has been taken 78 times
  • The average score is 15 of 20

Answer Stats

QuestionAnswer% Correct
...changed its name in response to a dispute with Greece?North Macedonia
99%
...has Sarajevo as its capital?Bosnia and Herzegovina
97%
...has the longest coast?Croatia
97%
...takes its name from the dark mountain forest that covers it?Montenegro
94%
...did Kosovo declare its independence from in 2008?Serbia
94%
...borders Austria?Slovenia
94%
...has a three-member presidency composed of a member of each major ethnic group?Bosnia and Herzegovina
84%
...was a filming location for Game of Thrones?Croatia
84%
...was in a union with Serbia until 2006?Montenegro
84%
...hosted the 1984 Winter Olympics?Bosnia and Herzegovina
81%
...was the first to become independent from Yugoslavia?Slovenia
81%
...has the smallest population?Montenegro
80%
...was the first to join the European Union?Slovenia
80%
...has a different national language to the other three (in linguistic terms)?Slovenia
74%
...uses the euro as its domestic currency despite not being part of the eurozone?Montenegro
60%
...is the largest producer of raspberries?Serbia
59%
...was the birthplace of Josip Broz Tito?Croatia
57%
...did not participate in the Yugoslav Wars of the 1990s?North Macedonia
51%
...has had an LGBT head of state?Serbia
47%
...has the highest average elevation?North Macedonia
14%

Score Distribution

Percentile by Number Answered

Percent of People with Each Score

Your Score History

You have not taken this quiz